| 000 | nam a22 7a 4500 | ||
|---|---|---|---|
| 999 |
_c63506 _d63506 |
||
| 008 | 181014b2017 ua |||||r|||| 00| 0 eng d | ||
| 020 | _a9789953042381 | ||
| 040 |
_aEAL _cEAL |
||
| 041 | _aeng | ||
| 041 | _afre | ||
| 041 | _aara | ||
| 050 |
_aSB950.95 _bD52 2017 |
||
| 110 | _921596 | ||
| 245 | 0 | 4 |
_aThe dictionary of scientific terms in plant protection / _cprepared by Arab Society for Plant Protection. |
| 246 | _aمعجم مصطلحات العلمية فى علوم وقاية النبات | ||
| 250 | _a2nd ed. | ||
| 260 |
_aBeirut : _bArab Society for Plant Protection, _c2017. |
||
| 300 |
_a260, 265, 270 p. ; _c25 cm. |
||
| 650 | 0 |
_aPlants, Protection of _vDictionaries. _921597 |
|
| 650 | 0 |
_aArabic language _vDictionaries _xEnglish. _921523 |
|
| 650 | 0 |
_aEnglish language _vDictionaries _xArabic _xFrench. _921598 |
|
| 650 | 0 |
_aFrench language _vDictionaries _xArabic _xEnglish _921599 |
|
| 710 |
_aArab Society for Plant Protection. _921525 |
||
| 942 | _cREF | ||